Poľnohospodárske politiky krajín OECD: program reformy
Reformný program poľnohospodárskych politík krajín OECD je založený na všeobecnom konsenze členov. Výška podpory poľnohospodárom. Ciele poľnohospodárskych politík. Efektivita podpory poľnohospodárskych príjmov. Efektivita korekcie porúch trhu. Dôležitosť reformy poľnohospodárskeho obchodu. Pokračova...
Enregistré dans:
| Auteur principal: | |
|---|---|
| Format: | Chapitre de livre |
| Langue: | slovaque |
| Sujets: | |
| Tags: |
Pas de tags, Soyez le premier à ajouter un tag!
|
MARC
| LEADER | 00000naa a2200000 4500 | ||
|---|---|---|---|
| 001 | r046813 | ||
| 005 | 20230925130455.2 | ||
| 041 | 0 | |a slo | |
| 044 | |a SK | ||
| 245 | 1 | 0 | |a Poľnohospodárske politiky krajín OECD: program reformy |c Martin Szentivány |
| 520 | |a Reformný program poľnohospodárskych politík krajín OECD je založený na všeobecnom konsenze členov. Výška podpory poľnohospodárom. Ciele poľnohospodárskych politík. Efektivita podpory poľnohospodárskych príjmov. Efektivita korekcie porúch trhu. Dôležitosť reformy poľnohospodárskeho obchodu. Pokračovanie v ďalšom čísle. | ||
| 610 | 2 | 0 | |a politika poľnohospodárska |
| 610 | 2 | 0 | |a reformy poľnohospodárske |
| 610 | 2 | 0 | |a obchod |
| 610 | 2 | 0 | |a výrobky poľnohospodárske |
| 610 | 2 | 0 | |a potraviny |
| 610 | 2 | 0 | |a trh medzinárodný |
| 610 | 2 | 0 | |a trh poľnohospodársky |
| 610 | 2 | 0 | |a Európa |
| 610 | 2 | 0 | |a svet |
| 610 | 2 | 0 | |a OECD |
| 100 | 1 | |a Szentivány, Martin | |